Taylor Swift's Girl At Home Lyrics - Statistics

General Stats
  • This quiz has been taken 901 times
  • The average score is 338 of 393
Answer Stats
Answer % Correct
a
99%
and
99%
And
99%
at
99%
girl
99%
go
99%
home
99%
you
99%
do
98%
Don't
98%
don't
98%
got
98%
I
98%
i
98%
know
98%
me
98%
everybody
97%
knows
97%
look
97%
you've
96%
that
95%
her
92%
be
88%
it
88%
It
88%
if
87%
but
85%
like
84%
to
84%
was
83%
your
83%
even
82%
just
82%
been
80%
what
80%
stupid
79%
would
79%
no
78%
so
78%
So
78%
fine
77%
right
76%
you're
76%
feel
75%
up
74%
of
73%
have
71%
the
71%
what's
71%
hadn't
70%
proposition
70%
yeah
70%
once
69%
this
69%
It's
68%
kind
68%
man
68%
see
68%
responsibility
66%
phone
65%
learned
63%
say
62%
alone
60%
many
60%
lines
58%
now
58%
upstanding
58%
am
57%
crossing
57%
my
57%
off
57%
with
57%
closer
56%
kinda
56%
make
56%
might
55%
one's
55%
previously
55%
turn
55%
wanna
55%
Wanna
55%
who
55%
Call
54%
exception
53%
getting
53%
lose
53%
tell
53%
makes
52%
honey
51%
she
51%
cab
50%
code
50%
number
50%
sad
50%
for
49%
about
48%
sure
48%
lesson
47%
coming
46%
pick
45%
consider
44%
understand
43%
let's
41%
take
40%
thing
36%
waits
35%
granted
34%
perfectly
34%
down
33%
while
33%
chase
29%
newest
29%
No matching quizzes found
Score Distribution
Percent of People with Each Score
Percentile by Number Answered
Your Score History
You have not taken this quiz